000 00563cam a2200217ua 4500
001 8427
005 20260515114332.0
008 150129n ii |||gr||||Z||||||eng
020 _a9780140513639
040 _cMAIN
041 _aeng
082 _a808.103
100 _aCuddan, J. A.,
_eAuthor.
245 1 _aLiterary terms and literary theory
_cBy J. A. Cuddon
250 _a1st.
260 _aNew Delhi:
_bPenguin,
_c1998.
300 _axviii,996p.
653 _aRhetoric & collections of literature
653 _aDictionary of literary terms
942 _cBK
999 _c7529
_d7529